Detalles MARC
| 000 -ENCABEZADO |
| Número de control [NR] |
01759nam a22002777a 4500 |
| 005 - FECHA Y HORA DE LA ÚLTIMA TRANSACCIÓN |
| control field |
20151216082758.0 |
| 008 - DE LONGITUD FIJA DE DATOS DE ELEMENTOS - INFORMACIÓN GENERAL |
| Elementos de longitud fija [NR] |
130419s1871||||gw a fr|||||001|0|ger d |
| 040 ## - FUENTE DE CATALOGACION [NR] |
| Agencia de catalogación original [NR] |
Co-BoUCM |
| Idioma de catalogación [NR] |
spa |
| Quien Cataloga |
Sandra Yazo (modificó) |
| Quien Clasifica |
Sandra Yazo (modificó) |
| 041 0# - CODIGO DE IDIOMA [R] |
| Código de idioma para texto/pista de sonido o título separado [R] |
Alemán |
| 082 04 - NUMERO DE CLASIFICACION DECIMAL DEWEY [R] |
| Número de clasificación [R] |
540 |
| Número de la edición [NR] |
20 |
| 092 ## - SIGNATURA TOPOGRAFICA LOCAL |
| Número de clasificación local |
E02N098 |
| 100 1# - ASIENTO PRINCIPAL--NOMBRE PERSONAL [NR] |
| Nombre personal [NR] |
Roscoe, Henry E. |
| Forma más completa del nombre [NR] |
(Henry Enfield) |
| Fechas asociadas con el nombre [NR] |
1833-1915 |
| ID Autoridad |
38462 |
| 242 00 - TRADUCCION DEL TITULO POR LA AGENCIA CATALOGADORA [R] |
| Título [NR] |
Breve manual de la Química. |
| Parte restante del título [NR] |
Según los más recientes adelantos de la ciencia |
| Mención de responsabilidad, etc. [NR] |
por H. E. Roscoe. |
| Código de idioma del título traducido [NR] |
spa |
| 245 10 - MENCION DE TITULO [NR] |
| Título [NR] |
Kurzes Lehrbuch der Chemie |
| Parte restante del título [NR] |
Nach den neuesten Ansichten der Wissenschaft |
| Mención de responsabilidad, etc. [NR] |
von H. E. Roscoe |
| 260 ## - PUBLICACION, DISTRIBUCION, ETC. (PIE DE IMPRENTA) [R] |
| Lugar de publicación, distribución, etc. [R] |
Braunschweig [Brunswick] (Alemania) |
| Nombre del editor, distribuidor, etc. [R] |
Druck und Verlag von Friedrich Vieweg und Sohn [En la imprenta y editorial de Friedrich Vieweg e hijo] |
| Fecha de publicación, distribución, etc. [R] |
1871 |
| 300 ## - DESCRIPCION FISICA [R] |
| Extensión [R] |
33 - 450 páginas |
| Otros detalles físicos [NR] |
ilustraciones, gráficos. |
| Dimensiones [R] |
19 x 13 cm. |
| 500 ## - NOTA GENERAL [R] |
| Nota general [NR] |
Detalles físicos: Encuadernación rígida en cartón forrado en papel. Ejemplar desencuadernado, falta lomo y la tapa posterior, sin primeras páginas incluida la portada. Varias hojas sueltas y rotas. Texto impreso en una sola columna con varios tipos y tamaños de letra. Ilustraciones, gráficos y fórmulas entre el texto. Nota de desinfección AGN 5 sep 2007. Datos de publicación confirmados con la edición en línea |
| 505 2# - NOTA DE CONTENIDO CON FORMATO PREESTABLECIDO [R] |
| Nota de contenido con formato preestablecido [NR] |
Los no metales ; Química de compuestos de carbono o química orgánica ; Grasa corporal y compuestos relacionados hidrógeno más pobre |
| 506 ## - NOTA DE RESTRICCIONES DE ACCESO [R] |
| Condiciones de acceso [NR] |
Consulta en sala |
| 546 ## - NOTA DE IDIOMA [R] |
| Nota de idioma [NR] |
Texto en alemán |
| 650 #7 - ASIENTO SECUNDARIO DE MATERIA - TERMINO TEMATICO [R] |
| Término temático o nombre geográfico como elemento de entrada [NR] |
Química orgánica |
| 9 (RLIN) |
23000 |
| 650 #7 - ASIENTO SECUNDARIO DE MATERIA - TERMINO TEMATICO [R] |
| Término temático o nombre geográfico como elemento de entrada [NR] |
Química inorgánica |
| 9 (RLIN) |
22996 |
| 690 ## - ASUNTO AGREGADO LOCAL DE ENTRADA - TÉRMINO TEMÁTICO (OCLC, RLIN) |
| Acceso temático local |
Ciencias naturales |
| 9 (RLIN) |
42755 |
| 856 4# - LOCALIZACION Y ACCESO ELECTRONICOS [R] |
| Nota dirigida al público [R] |
Disponible en línea |
| Identificador Uniforme del Recurso (“URI”) [R] |
<a href="http://www.archive.org/stream/kurzeslehrbuchd00roscgoog">http://www.archive.org/stream/kurzeslehrbuchd00roscgoog</a> |
| 942 ## - ELEMENTOS DE ENTRADA AGREGADOS (KOHA) |
| Tipo de ítem principal el descrito en 300a |
Libro |
| Edición |
1 |
| Tema principal |
25 |
| Sistema de clasificación |
LOCAL |
| Clasificación |
E02N098 |